| 000 | 00725nam a2200217 a 4500 | ||
|---|---|---|---|
| 001 | 13663 | ||
| 003 | BD-JhCC | ||
| 005 | 20240313154957.0 | ||
| 008 | 240313b2005 nyu |||| |||| 00| 0 eng d | ||
| 020 | _a9780691120133 | ||
| 035 | _a(BD-JhCC)13663 | ||
| 040 |
_aBD-JhCC _dBD-JhCC |
||
| 041 | _aenglish | ||
| 082 |
_a330 _bMOK 2005 |
||
| 100 | _aMokyr,Joel | ||
| 245 |
_aThe Gifts of Athena : _b Historical origins of the knowledge Economy / _cJoel Mokyr. |
||
| 260 |
_a Princeton N.J: _bPrinceton University Press; _c2005. |
||
| 300 |
_a359 p. : _bill; _c22 cm. |
||
| 650 |
_aBUSINESS & ECONOMICS Knowledge Capital _vDéveloppement économique Histoire _xEconomic development _zEconomic development History |
||
| 942 |
_2ddc _cBK |
||
| 999 |
_c13663 _d13663 |
||